000 00458nam a22001697a 4500
003 BD-ChCU
005 20260203093420.0
008 260203b bg ||||| |||| 00| 0 ben d
040 _cBD-ChCU
082 _a327.73 TAF
100 _aTaft, Robert A.
_920023
245 _aA foreign policy for Americans.//
_cTaft, Robert A.
260 _aNew York.
_bDoubleday.
_c1951
300 _a127p
650 0 _aU. S. - Foreign Relations.
_920024
942 _2ddc
_cBK
_n0
999 _c111442
_d111442